000 00688nam a2200229Ia 4500
005 20260429111952.0
008 260429s9999||||xx |||||||||||||| ||und||
020 _a9781260566260
041 _aEnglish
082 _a791.43
_bGIL
100 _aGillette, Michael
245 0 _aTheatrical design and production :
_ban introduction to scenic design and construction, lighting, sound, costume, and makeup /
_cMichael Gillette
250 _a8th ed.
260 _aUnited States :
_bMcGraw Hill,
_c2020.
300 _axxi, 615 p.; pbk
650 _a Film production
650 _a Theatre
650 _a Theatre design
650 _aCinema
700 _a Dionne, Rich
942 _cTB
999 _c51676
_d51676